01835nam a2200361 i 4500001001000000003000900010005001700019007000300036008004100039040003000080041000800110082002400118245011300142264008600255300002800341336002700369337003300396338002800429490002200457590002600479650003500505650003700540700004800577710005800625910003700683942001400720952014800734952014800882952014801030952013601178952014201314999001701456000011489DO-SdBNP20260305073958.0ta091019s1986 dr 000 j spa d aDO-SdBNPbspacBNPHUerda hspa 4aRD863.44bC965s22203aEl cuento en Santo Domingo :bselección antológica /cSócrates Nolasco ; edición, Cándido Gerón. 4aSanto Domingo :bBiblioteca Nacional Pedro Henríquez Ureña (BNPHU), c©1986. a209 páginas ;c23 cm. atextobtxt2rdacontent asin mediaciónbn2rdamedia avolumenbnc2rdacarrier0 aColección Orfeo aInventariado, 2019/VM 7aCuentos dominicanos91762LEMB 7aLiteratura dominicana.9672LEMB1 aGerón, Candido,d1948-eeditor4ed.935772 aBiblioteca Nacional Pedro Henríquez Ureña 981292 aValidado. Controld e calidad MFF 2ddccLBS1 00102ddc56708DSaBNPHUbBNPHUcHDd2009-10-19l0oBNPHU DS RD863.44 C965sp11489-30r2020-06-25te. 3w2020-06-25yLBS1ZPréstamo en sala 00102ddc56708DSaBNPHUbBNPHUcHDd2009-10-19l0oBNPHU DS RD863.44 C965sp11489-40r2020-06-25te. 4w2020-06-25yLBS1ZPréstamo en sala 00102ddc56708DSaBNPHUbBNPHUcHDd2010-11-25l0oBNPHU DS RD863.44 C965sp11489-50r2020-06-25te. 5w2020-06-25yLBS1ZPréstamo en sala 00102ddc51708PDaBNPHUbBNPHUcHDd2009-10-19l0oBNPHU PD RD863.44 C965sp11489-10r2020-06-25w2020-06-25yLBS1ZNo se presta 00102ddc51708PDaBNPHUbBNPHUcHDd2009-10-19l0oBNPHU PD RD863.44 C965sp11489-20r2020-06-25te. 2w2020-06-25yLBS1ZNo se presta c11190d11190